Project management in construction (Record no. 107543)

MARC details
000 -LEADER
fixed length control field 01341cam a22002655a 4500
001 - CONTROL NUMBER
control field L140811
008 - FIXED-LENGTH DATA ELEMENTS--GENERAL INFORMATION
fixed length control field 071016s2007 xxk f 001 0 eng u
020 ## - INTERNATIONAL STANDARD BOOK NUMBER
International Standard Book Number 9781405158244
035 ## - SYSTEM CONTROL NUMBER
System control number (Sirsi) u140811
041 0# - LANGUAGE CODE
Language code of text/sound track or separate title eng
050 04 - LIBRARY OF CONGRESS CALL NUMBER
Classification number 658.404 $2 18
-- 624.0684 $2 22
100 1# - MAIN ENTRY--PERSONAL NAME
Personal name Walker, Anthony
245 00 - TITLE STATEMENT
Title Project management in construction
250 ## - EDITION STATEMENT
Edition statement 5th ed.
260 ## - PUBLICATION, DISTRIBUTION, ETC.
Place of publication, distribution, etc. Oxford
Name of publisher, distributor, etc. Blackwell
Date of publication, distribution, etc. 2007
300 ## - PHYSICAL DESCRIPTION
Extent vii, 315p.
Dimensions 25cm.
350 ## - PRICE (NR) (BK AM CF MU VM SE) [OBSOLETE]
Price 29.99
505 2# - FORMATTED CONTENTS NOTE
Formatted contents note Relevance of organisation structure -- Evolution of project organisation -- Organisation and the construction process -- Systems thinking and construction project organisation -- The client -- The project team -- A model of the construction process -- Authority, power and politics -- Project leadership -- Organisation structure -- Analysis and design of project management structures
520 ## - SUMMARY, ETC.
Summary, etc. Examines project management theory in the field of construction, including systems theory and transaction cost economics set within the context of organisation theory, and new developments such as chaos and complexity theory. Also considers the impact of sustainability on the project management process, the industry and its clients.
590 ## - LOCAL NOTE (RLIN)
Local note KA
651 #4 - SUBJECT ADDED ENTRY--GEOGRAPHIC NAME
Geographic name International
690 ## - LOCAL SUBJECT ADDED ENTRY--TOPICAL TERM (OCLC, RLIN)
Topical term or geographic name as entry element Project management
9 (RLIN) 6261
942 ## - ADDED ENTRY ELEMENTS (KOHA)
Suppress in OPAC 0
Holdings
Withdrawn status Lost status Source of classification or shelving scheme Damaged status Not for loan Home library Current library Shelving location Date acquired Cost, normal purchase price Total Checkouts Full call number Barcode Date last seen Date last checked out Copy number Cost, replacement price Price effective from Koha item type
    Dewey Decimal Classification     London London Books 16/10/2007 25.49 15 658.404 WAL 30074302 06/08/2019 06/01/2010 1 25.49 06/08/2019 Book